The Sino-Soviet Conflict, 1956-1961 / (Record no. 13003)
[ view plain ]
| 000 -LEADER | |
|---|---|
| fixed length control field | 00965cam a22002651 4500 |
| 001 - CONTROL NUMBER | |
| control field | 3585149 |
| 005 - DATE AND TIME OF LATEST TRANSACTION | |
| control field | 19860131000000.0 |
| 008 - FIXED-LENGTH DATA ELEMENTS--GENERAL INFORMATION | |
| fixed length control field | 730109s1962 nju 000 0 eng |
| 010 ## - LIBRARY OF CONGRESS CONTROL NUMBER | |
| LC control number | 62010890 |
| 040 ## - CATALOGING SOURCE | |
| Original cataloging agency | DLC |
| Transcribing agency | DLC |
| Modifying agency | DLC |
| 043 ## - GEOGRAPHIC AREA CODE | |
| Geographic area code | a-cc--- |
| -- | e-ur--- |
| 050 00 - LIBRARY OF CONGRESS CALL NUMBER | |
| Classification number | DK68.7.C5 |
| Item number | Z3 |
| 082 00 - DEWEY DECIMAL CLASSIFICATION NUMBER | |
| Classification number | 327.47051 |
| Edition number | 20 |
| Item number | ZAG |
| 100 1# - MAIN ENTRY--PERSONAL NAME | |
| Personal name | Zagoria, Donald S. |
| 9 (RLIN) | 9727 |
| 245 14 - TITLE STATEMENT | |
| Title | The Sino-Soviet Conflict, 1956-1961 / |
| Statement of responsibility, etc | By Donald S. Zagoria. |
| 260 ## - PUBLICATION, DISTRIBUTION, ETC. (IMPRINT) | |
| Place of publication, distribution, etc | Princeton, N.J., |
| Name of publisher, distributor, etc | Princeton University Press, |
| Date of publication, distribution, etc | c.1962. |
| 300 ## - PHYSICAL DESCRIPTION | |
| Extent | 484 p. |
| Dimensions | 25 cm. |
| 500 ## - GENERAL NOTE | |
| General note | Donations. |
| 500 ## - GENERAL NOTE | |
| General note | Donated By:Alaa Abdel Ghaney. |
| 650 #0 - SUBJECT ADDED ENTRY--TOPICAL TERM | |
| Topical term or geographic name as entry element | Communism |
| General subdivision | History. |
| 9 (RLIN) | 9728 |
| 651 #0 - SUBJECT ADDED ENTRY--GEOGRAPHIC NAME | |
| Geographic name | Soviet Union |
| General subdivision | Foreign relations |
| Geographic subdivision | China |
| General subdivision | History. |
| 9 (RLIN) | 9729 |
| 651 #0 - SUBJECT ADDED ENTRY--GEOGRAPHIC NAME | |
| Geographic name | China. |
| 9 (RLIN) | 9730 |
| 942 ## - ADDED ENTRY ELEMENTS (KOHA) | |
| Source of classification or shelving scheme | Dewey Decimal Classification |
| Item type | Book - Borrowing |
| Withdrawn status | Item status | Source of classification or shelving scheme | Damaged status | Not for loan | Vendor | Home library | Current library | Shelving location | Date acquired | Source of acquisition | Total Checkouts | Total Renewals | Full call number | Barcode | Date last seen | Date last borrowed | Koha item type | Public note |
|---|---|---|---|---|---|---|---|---|---|---|---|---|---|---|---|---|---|---|
| Dewey Decimal Classification | Central Library | Central Library | First floor | 08/12/2009 | 1 | 6 | 327.47051 ZAG | 000019212 | 15/07/2025 | 17/10/2012 | Book - Borrowing | Donated By: Alaa abdel ghany. |